Lexikón právnych dejín Slovenska

Na minha lista:
Detalhes bibliográficos
Autor principal: Hubenák, Ladislav
Formato: Livro
Idioma:eslovaco
Publicado em: Bratislava Wolters Kluwer 2014
Assuntos:
Tags: Adicionar Tag
Sem tags, seja o primeiro a adicionar uma tag!

MARC

LEADER 00000nam a2200000 4500
001 0204323
005 20240318113214.8
020 |a 978-80-8168-103-5 
041 0 |a slo 
044 |a SK 
245 1 0 |a Lexikón právnych dejín Slovenska  |c Ladislav Hubenák 
264 1 |a Bratislava  |b Wolters Kluwer  |c 2014 
300 |a 348 s. 
610 2 0 |a právo 
610 2 0 |a dejiny 
610 2 0 |a Slovensko 
100 1 |a Hubenák, Ladislav